| 000 | 00715nam a2200193 a 4500 | ||
|---|---|---|---|
| 008 | 170321s2014 ||||||||||||||||| || u | ||
| 020 | _a9789351521464 | ||
| 050 | _aRD 1 Tay | ||
| 100 | _aTaylor, Irving | ||
| 245 | 1 | 0 |
_aRecent advances in surgery 36 _cEdited By Irving Taylor [and] Colin D Johnson |
| 260 |
_aNew Delhi: _bJaypee Brothers Medical publishers _c2014 |
||
| 300 | _axiii, 220p.: ill. | ||
| 350 | _a66.00 | ||
| 650 | _aGENERAL SURGERY | ||
| 650 | 0 | _aSURGERY | |
| 650 | _aPERIODICALS | ||
| 700 | _aJohnson, D. Colin | ||
| 995 |
_aMEDICAL LIBRARY OPEN ACCESS _e903744 _FCBU-SCHOOL OF MEDICINE LIBRARY (Ndola) _I66.00 _jRD 1 Tay _M1 _UAVAILABLE _WMar 21, 2017 _y903744 _ZMedical Library Open Access Collection |
||
| 999 |
_c32584 _d32584 |
||